000 00337nam a2200133Ia 4500
005 20251222144817.0
008 251222s9999||||xx |||||||||||||| ||spa||
020 _a978-9972-33-403-0
082 _a658.404.85/A59
100 _aAndía Valencia, Walter
245 0 _aProyectos de Inversión Pública:
264 _bEl Saber
942 _cLIB
999 _c20321
_d20321